[Event "Linares 26th"]
[Site "Linares"]
[Date "2009.02.24"]
[Round "5"]
[White "Dominguez Perez, Leinier"]
[Black "Radjabov, Teimour"]
[Result "1/2-1/2"]
[WhiteElo "2717"]
[BlackElo "2761"]
[Annotator "Rogozenco,D"]
[PlyCount "123"]
[EventDate "2009.02.19"]
[EventType "tourn"]
[EventRounds "14"]
[EventCountry "ESP"]
[EventCategory "21"]
[SourceTitle "CBM 129"]
[Source "ChessBase"]
[SourceDate "2009.03.25"]
[SourceVersion "1"]
[SourceVersionDate "2009.03.25"]
[SourceQuality "1"]

1. e4 c5 2. Nf3 d6 3. d4 cxd4 4. Nxd4 Nf6 5. Nc3 g6 6. Be3 Bg7 7. f3 Nc6 8. Qd2
O-O 9. Bc4 Bd7 10. h4 Rc8 11. Bb3 h5 12. O-O-O Ne5 13. Bg5 Rc5 14. Kb1 Re8 15.
f4 {A fresh attempt to treat one of the main positions of Sicilian Dragon.
Dozens of games were played with 15.Rhe1, 15.Bh6 and 15.g4, but at the present
moment everywhere Black keeps resources for counterplay.} Nc4 16. Qd3 Qc8 {
Radjabov wisely takes advantage of the inclusion of Kb1/Re8 and makes a move
that most likely avoids Dominguez' main home preparation. In a similar
theoretical position with the king on c1 and black rook on f8, White achieves
an advantage by taking on f6 and then Nd5, using the fact that the bishop
cannot retreat from f6 due to the fork on e7.} (16... Ng4 {requires future
practice.}) 17. f5 (17. Bxf6 Bxf6 18. Nd5 {is now not impressive at all, since
Black can simply retreat the bishop from f6.}) 17... gxf5 $1 $146 (17... Ne5
18. Qe2 Rxc3 19. bxc3 Kh7 $6 (19... Qxc3 $142) 20. Rh3 Nfg4 21. Nf3 Qc5 22.
Nxe5 Nxe5 23. Rg3 Bb5 24. Qe3 $16 gxf5 25. exf5 Qa3 26. Bxe7 Ng4 (26... Rxe7
27. Qg5 $18) 27. Qg5 Bh6 28. Qxh5 $18 {1-0 Macieja,B (2599)-Moskow,E (2229)/
Gausdal 2008 (30)}) 18. exf5 (18. Nxf5 $2 {runs into} Nxb2 $1 19. Kxb2 Bxf5 20.
exf5 Rxc3 21. Qxc3 Ne4 {and Black wins the queen.}) (18. Rhf1 $2 fxe4 19. Nxe4
Nxe4 20. Qxe4 Bg4 $17) 18... Ne5 19. Qe2 Neg4 (19... Rxc3 $2 {is premature due
to} 20. bxc3 Qxc3 21. Rh3 Qc5 22. Bxf6 Bxf6 23. Qxh5 $18 {[%cal Gh3g3]}) 20.
Rhf1 (20. Rh3 Bxf5 21. Nxf5 Rxf5 $13) 20... Rxc3 $1 {The right moment for this
typical exchange sacrifice. Black gets a pawn and destroys the white king's
shelter. Considering that White has no attack on the kingside and Black enjoys
the stable square g4 for the knight, the exchange sacrifice secures Black
sufficient compensation.} (20... Bxf5 21. Nxf5 Rxf5 22. Rxf5 Qxf5 23. Nd5 $44 (
23. Ba4 Rc8 24. Qxe7 Rxc3 25. bxc3 Ne4 $36)) 21. bxc3 Qxc3 22. Bc1 a5 23. Bb2
Qe3 ({Another option was to keep the queens with} 23... Qc5 $44 {but Radjabov
rightly felt that the endgame is also good for Black.}) 24. Rde1 Qxe2 25. Rxe2
a4 26. Bc4 Ne5 27. Bb5 Rc8 28. Bxd7 Nfxd7 $15 {Black enjoys a slight advantage
thanks to White's weak pawns.} 29. Nf3 Rc4 30. Nxe5 Nxe5 31. g3 Rg4 32. Rg2 (
32. Re3 $2 Nc4 $19) 32... Nc4 $1 33. Bc1 (33. Bxg7 {is suddenly met with} Ne3
$1 {regaining the exchange and remaining with an advantage.}) 33... Be5 34. Rf3
f6 {All the black pieces are perfectly placed and it becomes more and more
difficult to play with White. Dominguez follows a reasonable defensive plan:
he places the pawn on c3, brings his king to d3 and starts to wait. Meanwhile
Radjabov brings his king to the centre.} 35. c3 Kf7 36. Kc2 Ke8 37. Kd3 b5 38.
Be3 Kd7 39. Bf4 Kc6 40. Rf1 Kc5 41. Rf3 Kd5 42. Rf1 Kc6 43. Rf3 {The knight on
c4 is nicely placed, but in order to make progress Black must attack White's
weak pawns with the knight as well.} Nb6 $1 {The knight goes to e4.} (43... d5
$15) 44. Bd2 (44. Bxe5 fxe5 {[%cal Ge5e4]} 45. Rf1 Nd5 $17) 44... Nd7 45. Bf4
Nc5+ 46. Kc2 (46. Ke3 Bxc3 $19) 46... Ne4 47. Re2 d5 48. Ree3 Kd6 49. Rf1 Rg8 {
[%cal Gg8c8]} (49... Nxg3 50. Rxg3 Rxg3 51. Bxg3 Bxg3 52. Rg1 Bxh4 (52... Bf4
53. Rg7 $132 {[%csl Re7,Rh5][%cal Gg7h7]}) 53. Rh1 Bf2 54. Rxh5 {must be a draw
}) (49... Bxf4 50. Rxf4 Rxg3 $4 51. Rfxe4 Rg2+ 52. Re2 $18) 50. Rd1 $1 Kc6 51.
Rf1 Bxf4 52. Rxf4 Nxg3 (52... Rxg3 $4 53. Rfxe4 Rg2+ 54. Re2 $18) 53. Rxe7 Ne4
54. Kd3 (54. Rexe4 dxe4 55. Rxe4 Rg2+ 56. Kb1 Kd5 $17 {[%csl Rb1]}) 54... Rg2
55. a3 Kc5 $2 ({With little time Radjabov misses} 55... Rg3+ 56. Kd4 Nc5 $1 {
with the threat 57...Nb3 mate. Dominguez would have had to return the exchange
and hope to survive in a difficult rook endgame after} 57. Re6+ Nxe6+ 58. fxe6
Kd6 59. Rxf6 Rg4+ 60. Kd3 Rxh4 $17) 56. Rc7+ $1 Kd6 57. Rc8 Ra2 58. Kd4 Rd2+ (
58... Rxa3 {can be too risky also for Black:} 59. Rd8+ (59. Re8 $5 {[%csl Rd5]
[%cal Ge8e6]} Nxc3 $140 60. Re6+ Kd7 61. Rf1 $132 {[%csl Ra3,Rc3,Rd5,Rd7,Rf6]
[%cal Ge6f6,Gf1g1]}) 59... Kc6 60. Rc8+ Kd7 61. Rh8 Nxc3 62. Kc5 $132) 59. Ke3
Ra2 60. Kd4 Rd2+ 61. Ke3 Ra2 62. Kd4 1/2-1/2

[Event "Linares 26th"]
[Site "Linares"]
[Date "2009.02.25"]
[Round "6"]
[White "Wang, Yue"]
[Black "Radjabov, Teimour"]
[Result "1/2-1/2"]
[WhiteElo "2739"]
[BlackElo "2761"]
[Annotator "CB"]
[PlyCount "81"]
[EventDate "2009.02.19"]
[EventType "tourn"]
[EventRounds "14"]
[EventCountry "ESP"]
[EventCategory "21"]
[SourceTitle "CBM 129"]
[Source "ChessBase"]
[SourceDate "2009.03.25"]
[SourceVersion "1"]
[SourceVersionDate "2009.03.25"]
[SourceQuality "1"]

1. d4 Nf6 2. c4 g6 3. Nc3 Bg7 4. e4 d6 5. Nf3 O-O 6. Be2 e5 7. Be3 Ng4 8. Bg5
f6 9. Bh4 g5 10. Bg3 Nh6 11. d5 Nd7 12. O-O ({The main move is} 12. Nd2 {
which Wang Yue already played against Radjabov:} f5 13. exf5 Nf6 14. Nde4 Nxe4
15. Nxe4 Bxf5 16. Bd3 {White is slightly better, but the game finished with a
draw in 46 moves, Wang Yue (2736)-Radjabov,T (2751)/Elista 2008}) 12... f5 13.
exf5 Nc5 {Following in footsteps of Ivan Cheparinov, Topalov's second, who
introduced this move on the high level only few months ago.} ({Previously
Black used to answer automatically} 13... Nxf5) 14. b4 {This new and most
natural-looking move leads to a forced play.} (14. Qd2 g4 15. Nh4 a5 16. f3
gxf3 17. Rxf3 {let to a messy game in Kasimdzhanov,R (2672)-Cheparinov,I (2696)
/Elista 2008.}) 14... e4 {The point of 13...Nc5.} 15. Nd4 Nd3 {#} 16. Nxe4 Bxd4
17. Rb1 {Black must return the extra piece. Everything is still more or less
forced.} Nxf2 ({The dark-squared bishops are most important minor pieces and
each side can allow to exchange it only for opponent's dark-squared bishop.
That's why} 17... Bxf2+ $2 18. Nxf2 {is bad for Black.}) 18. Bxf2 (18. Nxf2 $2
Nxf5 {this is a similar picture for White, who is in troubles now because
black will exchange the bishop g3 for his knight.}) 18... Bxf2+ 19. Nxf2 Bxf5
20. Rb3 {# Finally the forced sequence finished. How to evaluate this
position? White is marginally better thanks to a small space advantage and
some attacking ideas due to the slightly broken black structure on the
kingside. However, Black will soon have a good control in the center and the
attacking ideas won't work out, while the space advantage itself is not enough
for a win.} Qe7 21. Qd2 Rae8 22. Bh5 Bg6 $1 (22... Nf7 {is too passive. After}
23. c5 {White enjoys the initiative.}) 23. Rh3 ({In case of} 23. Bxg6 hxg6 {
the doubled pawns control very important squares on the f-file. For instance}
24. Rg3 {is answered with} Rf4 {and Black has nothing to fear.}) 23... Qg7 ({
Here} 23... Bxh5 24. Rxh5 Nf7 {is just bad in view of} 25. Ng4 {with a strong
attack for White.}) 24. Bxg6 Qxg6 ({It is curious that even here} 24... hxg6 {
was an option (though rather unnecessary now), since} 25. Qxg5 {allows the
nice sacrifice} Rxf2 {with a draw:} 26. Kxf2 (26. Rxf2 $2 Re1+ 27. Rf1 Qd4+)
26... Qd4+ 27. Kf3 (27. Kg3 $2 {loses:} Re3+ 28. Rf3 Nf5+ 29. Kf2 Qd2+) 27...
Qd3+ ({Not} 27... Qe4+ $2 28. Kg3) 28. Kf2 Qd4+ 29. Kf3 $11) 25. Re3 Rxe3 26.
Qxe3 b6 27. Re1 Nf5 28. Qe4 Qg7 29. Nd3 a6 30. Rf1 Qd4+ 31. Qxd4 Nxd4 32. Rxf8+
Kxf8 {#} 33. Kf2 Ke7 34. Ke3 Nc2+ 35. Ke4 b5 36. c5 h6 37. c6 Kf6 38. g3 Na3
39. g4 Nc2 40. h3 Na3 41. Kd4 1/2-1/2

[Event "Linares 26th"]
[Site "Linares"]
[Date "2009.02.26"]
[Round "7"]
[White "Radjabov, Teimour"]
[Black "Carlsen, Magnus"]
[Result "1/2-1/2"]
[WhiteElo "2761"]
[BlackElo "2776"]
[Annotator "Kritz,L"]
[PlyCount "67"]
[EventDate "2009.02.19"]
[EventType "tourn"]
[EventRounds "14"]
[EventCountry "ESP"]
[EventCategory "21"]
[SourceTitle "CBM 129"]
[Source "ChessBase"]
[SourceDate "2009.03.25"]
[SourceVersion "1"]
[SourceVersionDate "2009.03.25"]
[SourceQuality "1"]

1. e4 e5 2. Nf3 Nc6 3. Bc4 Bc5 {Italienisch ist ein häufiger Gast in der
heutigen Turnierpraxis.} (3... Nf6 {ist eine gute Alternative.} 4. d3 (4. Ng5 {
verlor einiges an Popularität in der letzten Zeit.} d5 5. exd5 {Schwarz hat
mehrere Möglichkeiten, eine gute Kompensation für den geopferten Bauer zu
erzielen, eine davon ist} Na5 6. Bb5+ c6 7. dxc6 bxc6 8. Be2 h6 9. Nf3 e4 10.
Ne5 Qd4 11. f4 Bc5 $44) 4... Be7 5. O-O O-O 6. Re1 d6 7. a4 Be6 8. a5 a6 $11 {
Weiß hat keinen echten Vorteil.}) 4. c3 Nf6 5. d3 (5. d4 {ist eine alte
Variante.} exd4 6. cxd4 Bb4+ 7. Bd2 $1 {Etwas Besseres hat Weiß nicht.} (7. Nc3
Nxe4 8. O-O Bxc3 9. d5 Bf6 10. Re1 Ne7 11. Rxe4 d6 12. Bg5 Bxg5 13. Nxg5 h6 14.
Qe2 hxg5 15. Re1 Be6 16. dxe6 f6 $17 {Schwarz steht einfach viel besser -
seinem Plan c6-d5-Qd6 hat Weiß nichts entgegenzusetzen.}) 7... Bxd2+ 8. Nbxd2
d5 9. exd5 Nxd5 10. Qb3 Na5 (10... Nce7 $6 {Schwarz seinerseits sollte dem
Remis auch nicht ausweichen, denn Weiß kann in dem Fall eine gefährliche
Initiative entwickeln.} 11. O-O O-O 12. Rfe1 c6 13. Ne4 Nb6 14. Bd3 Ned5 15.
Nc5 $36 {Van den Doel - Sokolov (Leeuwarden, 2004)}) 11. Qa4+ Nc6 12. Qb3 $11)
5... a6 6. Bb3 O-O {Schwarz hat eine Menge an Möglichkeiten, das ist mehr oder
weniger Geschmackssache. Mir gefällt der Zug 6....Ba7 besser.} (6... Ba7 $5 7.
Nbd2 O-O 8. h3 (8. Nf1 Ng4 9. d4 exd4 10. cxd4 d5 $1 11. Bxd5 Nxd4 $3 12. Nxd4
c6 $44) 8... d6 9. Nf1 (9. O-O {führt zur Partiestellung.}) 9... d5 $3 {
Mit Tempoverlust, aber trotzdem sehr stark.} 10. Qe2 (10. Ng3 dxe4 11. dxe4
Qxd1+ 12. Bxd1 Be6 $11) 10... Be6 11. Ng3 (11. Ng5 dxe4 $1 12. Nxe6 exd3 13.
Nxd8 dxe2 14. Nxc6 exf1=Q+ 15. Rxf1 bxc6 16. Ba4 Rfd8 17. Bxc6 Rab8 $36) 11...
dxe4 12. dxe4 Bxb3 13. axb3 Ne8 14. Nf5 Nd6 15. g4 Qf6 $11 {Bologan - Malakhov
(Kemer, 2007)}) 7. O-O d6 (7... d5 $6 {Diesen Vorstoß muss man sehr gut
vorbereiten, ansonsten bekommt man Schwierigkeiten mit dem e5-Bauern.} 8. exd5
Nxd5 9. Nbd2 (9. h3 $6 Nb6 10. Re1 h6 11. Nbd2 Qxd3 12. Nxe5 Qg3 13. Qf3 Qxf3
14. Ndxf3 $11 {Kramnik - Krasenkow (Wijk aan Zee, 2003)}) 9... Bg4 10. h3 Bh5
11. Ne4 Ba7 12. Ng3 Bg6 13. Bg5 Qd7 14. Nh4 Na5 15. Nxg6 hxg6 16. Bc2 $14 {
Sanduleac - Daurelle (Creon, 2007)}) 8. h3 h6 9. Re1 Ba7 10. Nbd2 {Es gibt
viele Zugfolgen, die zu dieser Stellung führen. Jetzt ist der entscheidende
Moment, in dem Schwarz einen Plan auswählen muss.} Be6 $1 {Ich denke, das ist
der beste Weg zum Ausgleich.} (10... Re8 11. Nf1 Be6 {ist genau so gut, weil
es nur eine Zugumstellung ist.}) (10... Ne7 11. Nf1 Ng6 12. Ng3 Re8 13. d4 $14
{Hat Weiß es geschafft, das Zentrum d4-e4 aufzubauen, so hat er sich schon mal
einen kleinen Vorteil gesichert. Natürlich ist die Stellung von Schwarz immer
noch in Ordnung, aber es geht hier darum, ob Schwarz einen absoluten Ausgleich
erreicht, oder nicht.}) (10... Nh5 11. Nf1 (11. Nxe5 $2 Nxe5 12. Qxh5 Nxd3 $15)
11... Qf6 12. Be3 Nf4 13. Ng3 g6 14. d4 $14 {Wieder hat Weiß das Zentrum unter
Kontrolle genommen.}) 11. Bc2 (11. Nf1 Re8 12. Ng3 {Zieht Weiß den Läufer
nicht zurück, so wird zu viel abgetauscht und die Stellung sehr vereinfacht.}
d5 (12... Bxb3 13. Qxb3 Rb8 14. Nf5 d5 15. Qc2 Qd7 16. N3h4 Re6 17. Qe2 dxe4
18. dxe4 Rd8 19. Qf3 Qd3 $11 {Hamdouchi - Tkachiev (Cap d'Agde, 2002)}) 13. Bd2
dxe4 14. dxe4 Bxb3 15. Qxb3 Qd7 16. Rad1 Qe6 17. Qxe6 (17. Qxb7 $4 Bb6 $19)
17... Rxe6 18. Be3 Bxe3 19. Rxe3 g6 $11 {Petrosian - Kobalia (Kallithea, 2008)}
) 11... Re8 12. Nh2 (12. Nf1 d5 13. exd5 Qxd5 14. Qe2 Rad8 15. Ng3 Bc5 $1 16.
Nh4 Bf8 $132 {Radjabov - Aronian (Dresden, 2008). Mit der Überführung des
Läufers nach f8 hat Schwarz die Lage seines Königs verbessert und hat die
Möglichkeit, mittels g6 das Feld f5 unter Kontrolle zu nehmen.}) 12... d5 13.
Qf3 dxe4 $146 {Eine ruhigere Fortsetzung. Es ist nicht auszuschließen, dass
Schwarz auch schon auf Konter spielen kann.} (13... d4 $5 14. Ndf1 Qe7 15. Ng3
Rad8 16. c4 b5 17. cxb5 Nb4 18. Bb1 axb5 19. a3 Na6 20. Nf5 Bxf5 21. Qxf5 Nc5
22. Bc2 Nb7 23. Qf3 c5 24. a4 b4 25. Nf1 c4 $1 26. dxc4 Nc5 $44 {Areshchenko -
Azarov (Plovdiv, 2008)}) 14. dxe4 (14. Nxe4 {Je mehr Figuren getauscht sind,
desto einfacher ist die Verteidigung für Schwarz.} Nxe4 15. dxe4 Ne7 16. Rd1
Qc8 17. Ng4 Ng6 $11) 14... Ne7 15. Ndf1 Ng6 16. Be3 (16. Ng3 $6 {Dieser Zug
ist sinnlos, denn der Springer kann demnächst nicht nach f5 gehen.} c6 17. Rd1
(17. Nf5 $4 Bxf5 18. exf5 (18. Qxf5 Nh4 $19) 18... e4 19. Qe2 Nh4 $17) 17...
Qa5 18. Bd2 (18. Bxh6 $4 Nh4 $19) (18. b4 Qc7 19. Ng4 Nxg4 20. hxg4 c5 $15)
18... Rad8 $15) 16... Bxe3 17. Nxe3 c6 $11 {Schwarz hat überhaupt kein Problem.
} 18. Nf5 Bxf5 19. exf5 (19. Qxf5 $4 Nh4 $19) 19... Nf4 20. Rad1 Qc7 21. Ng4
N4h5 (21... Nxg4 {ist ebenfalls möglich, Weiß kann keinen Nutzen aus seiner
augenblicklichen Initiative ziehen. Aber die Partiefortsetzung ist trotzdem
besser.} 22. Qxg4 (22. hxg4 Nd5 $11) 22... Nd5 23. Bb3 Rad8 24. Bxd5 cxd5 25.
f6 g6 26. Qh4 Qb6 $132) 22. Re3 Nxg4 23. hxg4 Nf6 {Der Springer auf f6
verhindert das gesamte weiße Spiel am Königsflügel.} 24. Qg3 Rad8 25. Rde1 Rd2
26. Bb3 Qd8 (26... Rxb2 $2 {Habgier wird bestraft.} 27. g5 $1 hxg5 28. Qxg5 {
Der weiße Angriff ist sehr gefährlich.} Nh7 29. Qh4 Qe7 30. Qh5 Nf6 31. Rxe5
Qxe5 (31... Nxh5 32. Rxe7 Rxe7 33. Rxe7 $16) 32. Rxe5 Rxe5 33. Qxf7+ $16) 27.
g5 (27. Rxe5 $5 {kam ebenfalls ins Betracht.} Rxe5 28. Qxe5 Rxb2 (28... Nxg4
29. Qe8+ Qxe8 30. Rxe8+ Kh7 31. f3 Nf6 32. Rf8 Nd5 33. Rxf7 b5 34. Bxd5 cxd5
35. Ra7 Rxb2 36. Rxa6 $14) 29. Rd1 Rd2 30. Rxd2 Qxd2 31. Qb8+ Kh7 32. Bxf7 Qe1+
33. Kh2 Qe5+ 34. Qxe5 Nxg4+ 35. Kg3 Nxe5 36. Be6 Nd3 $11) 27... hxg5 28. Qxg5
Nd5 29. Qh5 Qf6 30. Rh3 {Weiß kann nur eine Mattdrohung aufstellen, Matt
selbst kann er jedoch nicht geben.} Kf8 31. Qg4 (31. Qh8+ Ke7 32. Qh7 Kd6 $1
$15 {Der schwarze König wird sich auf c7 in Sicherheit fühlen, und die weißen
Figuren haben alle nichts mehr zu tun.}) 31... Kg8 (31... Ke7 $2 {Das wäre zu
frech...} 32. c4 (32. Rxe5+ Qxe5 33. Qg5+ Kd6 34. Qxd2 Qe1+ 35. Qxe1 Rxe1+ 36.
Kh2 Re2 37. Rh7 Rxf2 38. Rxg7 Rxf5 $11) 32... Nb6 33. Rxe5+ Qxe5 34. Qg5+ f6
35. Qxd2 $16) 32. Qh5 Kf8 33. Qg4 Kg8 34. Qh5 1/2-1/2